000 00198 a2200097 4500
020 _a9789583364693
041 _aspa
100 _aJos AĚŚcosta
245 _aCuentistas hispanoamericanos
942 _cBK
999 _c28989
_d28987